000 00716nab a2200205 uc4500
001 637647
005 20250312092236.0
008 001123e20000701 spa
035 _a637647
035 _a(OCoLC)819861923
040 _ccomduadb
041 _aspa
100 1 0 _aIbañez Sánchez, José Roberto
_4aut
_eaut
_9365381
245 1 3 _aLa guerra de guerrillas en la guerra de los mil dias
650 7 _aGuerra de los Mil Días,
_y1899-1903
_2lemb
_9120743
650 7 _aGuerra de guerrillas
_2lemb
_939817
651 7 _aColombia
_xHistoria
_2lemb
_9854065
773 0 _tBoletín de Historia y Antiguedades (Bogotá)
_gVol. 87, No. 810, Jul.-Sep. 2000, p. 645-672
_w325229
_x0006-6303
_0106601
942 _cARIMP
999 _c166301
_d166301